Randolph Field : a history and guide /

Bibliographic Details
Corporate Author: Writers' Program of the Work Projects Administration in the State of Texas
Format: Book
Language:English
Published: New York : The Devin-Adair Co., 1942.
Series:Service academy series.
Subjects:

MARC

Tag First Indicator Second Indicator Subfields
LEADER 00000cam a2200000 4500
001 in00000054890
005 20151008052126.0
008 750410s1942 nyuacef 00110 enge
010 |a  42037050  
035 |a (OCoLC)01267244 
035 |9 AAH1804AM 
040 |a DLC  |c CPL  |d SER  |d TXA  |d UtOrBLW 
049 |a TXAS [mil]  |c 2  |a TXAM  |c 1 [105397] 
050 0 0 |a UG633  |b .W7 
110 2 |a Writers' Program of the Work Projects Administration in the State of Texas. 
245 1 0 |a Randolph Field :  |b a history and guide /  |c compiled by workers of the Writers' Program of the Work Projects Administration in the state of Texas ; sponsored by the commanding officer, Randolph Field. 
264 1 |a New York :  |b The Devin-Adair Co.,  |c 1942. 
300 |a 156 pages, 32 unnumbered pages of plates :  |b illustrations, plan, portraits ;  |c 21 cm. 
336 |a text  |b txt  |2 rdacontent 
337 |a unmediated  |b n  |2 rdamedia 
338 |a volume  |b nc  |2 rdacarrier 
490 1 |a Service academy series 
500 |a Includes index. 
610 1 0 |a United States.  |b Army.  |b Air Corps. 
650 0 |a Aeronautics, Military  |x Study and teaching. 
650 0 |a Aeronautics  |x Study and teaching. 
651 0 |a Randolph Field (Tex.) 
830 0 |a Service academy series. 
999 |a MARS 
999 f f |s 6a70fe5b-5132-382f-ad15-5baf6b503bc7  |i 97f69f49-faf3-33fe-bb47-f4fa2fda1bec  |t 0 
952 f f |p normal  |a Texas A&M University  |b College Station  |c Sterling C. Evans Library  |d Evans: Library Stacks  |t 0  |e UG633 .W7  |h Library of Congress classification  |i unmediated -- volume  |m A14800807069 
952 f f |p noncirc  |a Texas A&M University  |b College Station  |c Cushing Memorial Library & Archives  |d Cushing: Ragan Military (Does not check out)  |t 0  |e UG633 .W7 1942  |h Library of Congress classification  |i unmediated -- volume 
998 f f |a UG633 .W7  |t 0  |l Evans: Library Stacks 
998 f f |a UG633 .W7 1942  |t 0  |l Cushing: Ragan Military (Does not check out)